000 01503cam a2200349 i 4500
001 15098735
003 EG-ScBUE
005 20241215121448.0
008 071130s2008 enka f b 001 0 eng d
020 _a0198526822
020 _a9780198526827 (alk. paper)
035 _a(OCoLC)ocn182779803
035 _a(OCoLC)182779803
040 _aDLC
_beng
_erda
_cDLC
_dBTCTA
_dBAKER
_dBWKUK
_dYDXCP
_dDLC
_dEG-ScBUE
082 0 4 _a523.1
_222
_bWEI
100 1 _aWeinberg, Steven,
_d1933-
_eauthor.
_923884
245 1 0 _aCosmology /
_cSteven Weinberg, University of Texas at Austin.
264 1 _aOxford ;
_aNew York :
_bOxford University Press,
_c2008.
300 _axvii, 593 pages :
_billustrations ;
_c26 cm
336 _2rdacontent
_atext
_btxt
337 _aunmediated
_2rdamedia
_bn
338 _avolume
_bnc
_2rdacarrier
504 _aIncludes bibliographical references and index.
650 7 _aCosmology.
_2BUEsh
_923885
653 _cMay2011
655 _vReading book
856 4 2 _3Contributor biographical information
_uhttp://www.loc.gov/catdir/enhancements/fy0907/2007049371-b.html
856 4 2 _3Publisher description
_uhttp://www.loc.gov/catdir/enhancements/fy0907/2007049371-d.html
856 4 1 _3Table of contents only
_uhttp://www.loc.gov/catdir/enhancements/fy0907/2007049371-t.html
942 _2ddc
_cBB
999 _c15308
_d15308